[Event "Mecklenburg VP U14"]
[Site "Malchow"]
[Date "2016.02.02"]
[Round "5.10"]
[White "Kunz, Nelli"]
[Black "Rosenhahn, Nico"]
[Result "0-1"]
[WhiteElo "971"]
[BlackElo "1086"]
[PlyCount "112"]
[EventDate "2016.02.02"]
[EventType "swiss"]
[EventRounds "7"]
[EventCountry "GER"]
[SourceTitle "EXT 2024"]
[Source "ChessBase"]
[SourceDate "2023.10.10"]
[SourceVersion "1"]
[SourceVersionDate "2023.10.10"]
[SourceQuality "1"]

1. d4 e6 2. c4 Nf6 3. Nc3 d5 4. Nf3 Be7 5. Bf4 0-0 6. e3 Nbd7 7. Bd3 a6 8. a4 c6 9. b3 Re8 10. c5 Nf8 11. Ne5 Bd7 12. 0-0 Qc8 13. Rb1 Bd8 14. b4 b5 15. a5 Bc7 16. f3 Qb8 17. Qd2 Bc8 18. Rfe1 N8d7 19. Nxd7 Bxd7 20. h4 Bxf4 21. exf4 Nh5 22. g4 Nxf4 23. Ne2 Nxe2+ 24. Rxe2 e5 25. Bc2 exd4 26. Rxe8+ Bxe8 27. Qxd4 Qg3+ 28. Kh1 Qxf3+ 29. Kg1 Qg3+ 30. Kf1 Qh3+ 31. Kg1 Bd7 32. Bf5 Bxf5 33. gxf5 Re8 34. Qd2 Qxf5 35. Rf1 Qg4+ 36. Qg2 Qxg2+ 37. Kxg2 Re2+ 38. Kf3 Re4 39. Rd1 Rxb4 40. Re1 Re4 41. Rd1 Rxh4 42. Ke3 Re4+ 43. Kd3 f5 44. Rf1 g6 45. Kd2 h5 46. Rd1 Kf7 47. Kd3 Kf6 48. Re1 Rxe1 49. Kd2 Re4 50. Kd3 f4 51. Kd2 f3 52. Kd3 f2 53. Kd2 f1Q 54. Kc3 Qf3+ 55. Kd2 Re2+ 56. Kd1 Qf1# 0-1

[Event "Mecklenburg VP-ch U12"]
[Site "Malchow"]
[Date "2015.02.01"]
[Round "3.9"]
[White "Lange, Antonius"]
[Black "Rosenhahn, Nico"]
[Result "1-0"]
[WhiteElo "997"]
[BlackElo "798"]
[PlyCount "123"]
[EventDate "2015.01.31"]
[EventType "swiss"]
[EventRounds "7"]
[EventCountry "GER"]
[SourceTitle "EXT 2022"]
[Source "ChessBase"]
[SourceDate "2021.10.06"]
[SourceVersion "1"]
[SourceVersionDate "2021.10.06"]
[SourceQuality "1"]

1. e4 e6 2. Nf3 d5 3. exd5 exd5 4. Nc3 Nf6 5. d4 Bd6 6. Bg5 c6 7. h3 h6 8. Bh4 Bf5 9. Bd3 Bxd3 10. cxd3 0-0 11. 0-0 Re8 12. Re1 Nbd7 13. Rxe8+ Qxe8 14. Qe1 Nf8 15. Bxf6 gxf6 16. Qe2 Qxe2 17. Nxe2 Re8 18. Ng3 Bxg3 19. fxg3 Ng6 20. Rf1 Re2 21. Rb1 f5 22. h4 h5 23. Kf1 Rc2 24. Kg1 f4 25. Kh2 f6 26. Kh3 f5 27. a3 fxg3 28. Kxg3 f4+ 29. Kh3 b5 30. b4 Rc3 31. Ne5 Nxe5 32. dxe5 Rxd3+ 33. Kh2 Re3 34. Rf1 Rxe5 35. Rxf4 Re3 36. Rf6 d4 37. Rxc6 d3 38. Kg1 d2 39. Rc8+ Kf7 40. Rd8 d1Q+ 41. Rxd1 Rxa3 42. Rd5 Ra1+ 43. Kf2 Ra2+ 44. Kg3 a6 45. Rxh5 Rb2 46. Rf5+ Ke6 47. Rf4 Rb3+ 48. Kg4 Rb2 49. g3 Ke5 50. h5 Rh2 51. Kg5 Ke6 52. Rh4 Rxh4 53. gxh4 Kf7 54. h6 Kg8 55. Kg6 Kh8 56. Kg5 Kh7 57. h5 Kh8 58. Kg6 Kg8 59. h7+ Kh8 60. Kh6 a5 61. bxa5 b4 62. a6 1-0